<?xml version="1.0" encoding="UTF-8"?>
<record
    xmlns:xsi="http://www.w3.org/2001/XMLSchema-instance"
    xsi:schemaLocation="http://www.loc.gov/MARC21/slim http://www.loc.gov/standards/marcxml/schema/MARC21slim.xsd"
    xmlns="http://www.loc.gov/MARC21/slim">

  <leader>01543nam1a2200301 i 4500</leader>
  <controlfield tag="001">RU\NLR\bibl\887037</controlfield>
  <controlfield tag="005">20260408070246.0</controlfield>
  <datafield tag="035" ind1=" " ind2=" ">
    <subfield code="a">(NLR Aleph) 000875568</subfield>
  </datafield>
  <datafield tag="090" ind1=" " ind2=" ">
    <subfield code="a">1626555</subfield>
    <subfield code="c">1626555</subfield>
  </datafield>
  <datafield tag="100" ind1=" " ind2=" ">
    <subfield code="a">20051212g20049999u  y0rusy50      ca</subfield>
  </datafield>
  <datafield tag="101" ind1="0" ind2=" ">
    <subfield code="a">rus</subfield>
  </datafield>
  <datafield tag="102" ind1=" " ind2=" ">
    <subfield code="a">RU</subfield>
  </datafield>
  <datafield tag="105" ind1=" " ind2=" ">
    <subfield code="a">||||z   |||||</subfield>
  </datafield>
  <datafield tag="200" ind1="1" ind2=" ">
    <subfield code="a">&#x41D;&#x430;&#x437;&#x438;&#x431; &#x416;&#x438;&#x433;&#x430;&#x43D;&#x43E;&#x432;</subfield>
    <subfield code="e">&#x441;&#x442;&#x430;&#x442;&#x44C;&#x438;, &#x432;&#x43E;&#x441;&#x43F;&#x43E;&#x43C;&#x438;&#x43D;&#x430;&#x43D;&#x438;&#x44F;, &#x434;&#x43E;&#x43A;&#x443;&#x43C;&#x435;&#x43D;&#x442;&#x44B;</subfield>
    <subfield code="f">&#x41C;-&#x432;&#x43E; &#x43A;&#x443;&#x43B;&#x44C;&#x442;&#x443;&#x440;&#x44B; &#x420;&#x43E;&#x441;. &#x424;&#x435;&#x434;&#x435;&#x440;&#x430;&#x446;&#x438;&#x438;, &#x41A;&#x430;&#x437;&#x430;&#x43D;. &#x433;&#x43E;&#x441;. &#x43A;&#x43E;&#x43D;&#x441;&#x435;&#x440;&#x432;&#x430;&#x442;&#x43E;&#x440;&#x438;&#x44F; &#x438;&#x43C;. &#x41D;.&#x413;. &#x416;&#x438;&#x433;&#x430;&#x43D;&#x43E;&#x432;&#x430;, &#x41C;-&#x432;&#x43E; &#x43A;&#x443;&#x43B;&#x44C;&#x442;&#x443;&#x440;&#x44B; &#x420;&#x435;&#x441;&#x43F;. &#x422;&#x430;&#x442;&#x430;&#x440;&#x441;&#x442;&#x430;&#x43D;, &#x41C;&#x443;&#x437;&#x435;&#x439;-&#x43A;&#x432;&#x430;&#x440;&#x442;&#x438;&#x440;&#x430; &#x41D;&#x430;&#x437;&#x438;&#x431;&#x430; &#x416;&#x438;&#x433;&#x430;&#x43D;&#x43E;&#x432;&#x430;</subfield>
    <subfield code="g">[&#x441;&#x43E;&#x441;&#x442;. &#x416;&#x438;&#x433;&#x430;&#x43D;&#x43E;&#x432;&#x430; &#x41D;.&#x418;., &#x421;&#x430;&#x43B;&#x435;&#x445;&#x43E;&#x432;&#x430; &#x417;.&#x42F;., &#x43A;.&#x438;&#x441;&#x43A;., &#x434;&#x43E;&#x446;.</subfield>
    <subfield code="g">&#x440;&#x435;&#x434;&#x43A;&#x43E;&#x43B;. &#x410;&#x431;&#x434;&#x443;&#x43B;&#x43B;&#x438;&#x43D; &#x420;.&#x41A;., &#x43F;&#x440;&#x43E;&#x444;. &#x438; &#x434;&#x440;.]</subfield>
  </datafield>
  <datafield tag="210" ind1=" " ind2=" ">
    <subfield code="a">&#x41A;&#x430;&#x437;&#x430;&#x43D;&#x44C;</subfield>
    <subfield code="c">&#x41A;&#x430;&#x437;&#x430;&#x43D;. &#x433;&#x43E;&#x441;. &#x43A;&#x43E;&#x43D;&#x441;&#x435;&#x440;&#x432;&#x430;&#x442;&#x43E;&#x440;&#x438;&#x44F;</subfield>
    <subfield code="d">2004</subfield>
  </datafield>
  <datafield tag="215" ind1=" " ind2=" ">
    <subfield code="d">22</subfield>
  </datafield>
  <datafield tag="463" ind1=" " ind2="0">
    <subfield code="1">001853381</subfield>
  </datafield>
  <datafield tag="463" ind1=" " ind2="0">
    <subfield code="1">001945443</subfield>
  </datafield>
  <datafield tag="600" ind1=" " ind2="1">
    <subfield code="a">&#x416;&#x438;&#x433;&#x430;&#x43D;&#x43E;&#x432;</subfield>
    <subfield code="b">&#x41D;.&#x413;.</subfield>
    <subfield code="f">1911 - 1988</subfield>
    <subfield code="g">&#x41D;&#x430;&#x437;&#x438;&#x431; &#x413;&#x430;&#x44F;&#x437;&#x43E;&#x432;&#x438;&#x447;</subfield>
    <subfield code="x">&#x414;&#x43E;&#x43A;&#x443;&#x43C;&#x435;&#x43D;&#x442;&#x44B; &#x438; &#x43C;&#x430;&#x442;&#x435;&#x440;&#x438;&#x430;&#x43B;&#x44B;</subfield>
    <subfield code="9">2403282</subfield>
    <subfield code="3">RU\NLR\auth\661432424</subfield>
  </datafield>
  <datafield tag="686" ind1=" " ind2=" ">
    <subfield code="a">&#x429;313(2&#x420;=&#x422;&#x430;&#x442;)7-81&#x416;&#x438;&#x433;&#x430;&#x43D;&#x43E;&#x432;1</subfield>
  </datafield>
  <datafield tag="702" ind1=" " ind2="1">
    <subfield code="a">&#x416;&#x438;&#x433;&#x430;&#x43D;&#x43E;&#x432;&#x430;</subfield>
    <subfield code="b">&#x41D;. &#x418;.</subfield>
    <subfield code="4">220</subfield>
  </datafield>
  <datafield tag="702" ind1=" " ind2="1">
    <subfield code="a">&#x410;&#x431;&#x434;&#x443;&#x43B;&#x43B;&#x438;&#x43D;</subfield>
    <subfield code="b">&#x420;. &#x41A;.</subfield>
    <subfield code="4">340</subfield>
  </datafield>
  <datafield tag="712" ind1="0" ind2="2">
    <subfield code="4">570</subfield>
    <subfield code="a">&#x41A;&#x430;&#x437;&#x430;&#x43D;&#x441;&#x43A;&#x430;&#x44F; &#x433;&#x43E;&#x441;&#x443;&#x434;&#x430;&#x440;&#x441;&#x442;&#x432;&#x435;&#x43D;&#x43D;&#x430;&#x44F; &#x43A;&#x43E;&#x43D;&#x441;&#x435;&#x440;&#x432;&#x430;&#x442;&#x43E;&#x440;&#x438;&#x44F; &#x438;&#x43C;. &#x41D;. &#x413;. &#x416;&#x438;&#x433;&#x430;&#x43D;&#x43E;&#x432;&#x430;</subfield>
    <subfield code="3">RU\NLR\AUTH\8810043092</subfield>
    <subfield code="9">585654</subfield>
  </datafield>
  <datafield tag="801" ind1=" " ind2="0">
    <subfield code="a">RU</subfield>
    <subfield code="b">NLR</subfield>
    <subfield code="c">20051212</subfield>
    <subfield code="g">rcr</subfield>
  </datafield>
  <datafield tag="801" ind1=" " ind2="1">
    <subfield code="a">RU</subfield>
    <subfield code="b">NLR</subfield>
    <subfield code="c">20051212</subfield>
  </datafield>
  <datafield tag="852" ind1=" " ind2=" ">
    <subfield code="a">NLR</subfield>
    <subfield code="j">2005-5/6876</subfield>
  </datafield>
  <datafield tag="942" ind1=" " ind2=" ">
    <subfield code="c">BOOK</subfield>
  </datafield>
</record>
